Дорогами війни і миру (Запис № 570742)

МАРК-запис
000 -Лідер
fixed length control field 00880 a2200241 4500
001 - Контрольний номер
control field 216220815
003 - Ідентифікатор контрольного номера
control field UA-OsUOA
005 - Дата та час останнього входження (трансакції)
control field 20210607122201.0
008 - Елементи даних фіксованої довжини – загальна інформація
fixed length control field 210603b un ||||| |||| 00| 0 ukr d
040 ## - Джерело каталогізації
Агенція оригінальної каталогізації UA-OsUOA
Мова каталогізації ukr
Агенція, яка здійснювала перезапис UA-OsUOA
Агенція, яка здійснювала модифікацію UA-OsUOA
041 ## - Код мови
Код мови тексту/ звукової доріжки чи окремого заголовка (П) ukr
080 ## - Індекс Універсальної десяткової класифікації
Індекс Універсальної десяткової класифікації (УДК) (НП) 82-94
090 ## - Локальний шифр розміщення
Класифікаційний індекс УДК 82-94
Авторський знак (НП) Д53
100 ## - Основне введення – ім’я особи
Ім’я особи (НП) Дмитріюк В.
245 ## - Відомості про назву
Назва (НП) Дорогами війни і миру
Решта назви (НП) спомини з додатком матеріялів до історії сім'ї
Дані про відповідальність (НП) В. Дмитріюк
260 ## - Публікація, розповсюдження і т.п. (Вихідні дані)
Дата публікації, розповсюдження і т.п. (П) 2012
300 ## - Фізичний опис
Обсяг 160 с.
591 ## - Дарувальник
Прізвище та ініціали особи Дмитріюк В.
650 ## - Додаткове предметне введення – тематичний термін
Джерело заголовка чи терміна UDC
Тематичний термін чи географічна назва, як елемент введення (НП) 82-94 Історія як літературний жанр. Мемуари. Щоденники
942 ## - Додаткові елементи входу (Коха)
Тип елемента Koha Книги
Source of classification or shelving scheme Universal Decimal Classification
955 ## - Код типу видання за змістом
Код типу видання за змістом (НП) Науково-популярні видання
Фонди
Стан вилучень Стан втрат Джерело класифікації або схеми стелажів Стан уражень Не для кредиту Постійне місце розташування Поточне розміщення Дата придбання Джерело придбання Вартість, звичайна ціна покупки Інвентарний номер Усього замовленно Повний номер виклику Штрих-код Дата останнього перегляду Вартість, ціна заміни Ціна ефективна від Тип елемента Koha
    Universal Decimal Classification     Наукова бібліотека ІДУД Наукова бібліотека ІДУД 03/06/2021 Акт надходження № 3 / 20.05.2021 (загальний) 1.00 2140023   82-94 Д53 2140023 03/06/2021 1.00 03/06/2021 Книги